| 000 | 00718cab a2200229 4500 | ||
|---|---|---|---|
| 001 | ABS50738 | ||
| 008 | 090401t1994 xxu||||| |||| 00| 0 eng d | ||
| 035 | _a(Sirsi) u31362 | ||
| 041 | _aeng | ||
| 245 | _a1869-1994: an anniversary celebration of 125 years of Donaldsons produced in association with Estates Gazette | ||
| 260 | _c1994 | ||
| 300 | _aLOAN | ||
| 350 | _a0 | ||
| 490 |
_aEstates Gazette _vsupplement (9418) 7 May 1994 (6) |
||
| 520 | _aAn anniversary supplement on the history and current work of Donaldsons. | ||
| 650 | _aDONALDSONS | ||
| 650 | _aPROFILE | ||
| 650 | _aSURVEYING FIRMS | ||
| 690 | _aMANAGEMENT-BUSINESS MANAGEMENT-PROFESSIONAL PRACTICE | ||
| 942 | _n0 | ||
| 948 | _c04/03/1997 | ||
| 999 |
_c21058 _d21058 |
||